<?xml version="1.0" encoding="UTF-8"?>
<collection xmlns="http://www.loc.gov/MARC21/slim">
<record>
  <controlfield tag="001">159384</controlfield>
  <controlfield tag="005">20250520135049.0</controlfield>
  <datafield tag="037" ind1=" " ind2=" ">
    <subfield code="a">GDOC-2024-30840</subfield>
  </datafield>
  <datafield tag="970" ind1=" " ind2=" ">
    <subfield code="a">GDOC-2024-30840</subfield>
  </datafield>
  <datafield tag="041" ind1=" " ind2=" ">
    <subfield code="a">spa</subfield>
  </datafield>
  <datafield tag="041" ind1=" " ind2=" ">
    <subfield code="a">eng</subfield>
  </datafield>
  <datafield tag="540" ind1=" " ind2=" ">
    <subfield code="a">by-nc-sa</subfield>
    <subfield code="b">Creative Commons</subfield>
    <subfield code="c">3.0</subfield>
    <subfield code="u">http://creativecommons.org/licenses/by-nc-sa/3.0/</subfield>
  </datafield>
  <datafield tag="260" ind1=" " ind2=" ">
    <subfield code="a">Zaragoza</subfield>
    <subfield code="b">Universidad de Zaragoza</subfield>
    <subfield code="c">2024-2025</subfield>
  </datafield>
  <datafield tag="245" ind1="0" ind2="0">
    <subfield code="9">30840</subfield>
    <subfield code="a">Innovación en la industria alimentaria</subfield>
  </datafield>
  <datafield tag="242" ind1="0" ind2="0">
    <subfield code="9">30840</subfield>
    <subfield code="a">Innovation in the Food Industry</subfield>
  </datafield>
  <datafield tag="100" ind1=" " ind2=" ">
    <subfield code="0">(orcid)0000-0003-0865-4159</subfield>
    <subfield code="a">María Abenoza, Giménez</subfield>
    <subfield code="1">527367</subfield>
  </datafield>
  <datafield tag="700" ind1=" " ind2=" ">
    <subfield code="0">(orcid)0000-0001-5053-8309</subfield>
    <subfield code="a">Daniel Berdejo, Martínez</subfield>
    <subfield code="1">651874</subfield>
  </datafield>
  <datafield tag="700" ind1=" " ind2=" ">
    <subfield code="0">(orcid)0000-0002-3817-1679</subfield>
    <subfield code="a">Ana María Olaizola, Tolosana</subfield>
    <subfield code="1">118266</subfield>
  </datafield>
  <datafield tag="700" ind1=" " ind2=" ">
    <subfield code="0">(orcid)0000-0002-7179-3031</subfield>
    <subfield code="a">Miriam Oliva, Alcubierre</subfield>
    <subfield code="1">320629</subfield>
  </datafield>
  <datafield tag="700" ind1=" " ind2=" ">
    <subfield code="0">(orcid)0000-0001-8055-9362</subfield>
    <subfield code="a">María José Oliveros, Colay</subfield>
    <subfield code="1">140905</subfield>
  </datafield>
  <datafield tag="700" ind1=" " ind2=" ">
    <subfield code="0">(orcid)0000-0002-0238-6328</subfield>
    <subfield code="a">Rafael Pagán, Tomás</subfield>
    <subfield code="1">333754</subfield>
  </datafield>
  <datafield tag="700" ind1=" " ind2=" ">
    <subfield code="0">(orcid)0000-0002-2363-2735</subfield>
    <subfield code="a">Eva Romeo, Salazar</subfield>
    <subfield code="1">326940</subfield>
  </datafield>
  <datafield tag="700" ind1=" " ind2=" ">
    <subfield code="0">(orcid)0000-0001-6013-3399</subfield>
    <subfield code="a">María Luisa Salvador, Solano</subfield>
    <subfield code="1">129781</subfield>
  </datafield>
  <datafield tag="830" ind1=" " ind2=" ">
    <subfield code="9">568</subfield>
  </datafield>
  <datafield tag="856" ind1="4" ind2=" ">
    <subfield code="s">9194</subfield>
    <subfield code="u">http://zaguan.unizar.es/record/159384/files/guia-30840-es.pdf</subfield>
    <subfield code="y">Guía (idioma español)</subfield>
  </datafield>
  <datafield tag="856" ind1="4" ind2=" ">
    <subfield code="s">9843</subfield>
    <subfield code="u">http://zaguan.unizar.es/record/159384/files/guia-30840-en.pdf</subfield>
    <subfield code="y">Guide (english)</subfield>
  </datafield>
  <datafield tag="521" ind1=" " ind2=" ">
    <subfield code="9">112</subfield>
    <subfield code="a">Grado en Ciencia y Tecnología de los Alimentos</subfield>
    <subfield code="b">Degree in Food Science and Technology</subfield>
  </datafield>
  <datafield tag="980" ind1=" " ind2=" ">
    <subfield code="a">GDOC</subfield>
    <subfield code="b">Sciences</subfield>
    <subfield code="b">Ciencias</subfield>
    <subfield code="c">105</subfield>
  </datafield>
</record>
</collection>